000 00579nam a2200229Ia 4500
003 OSt
005 20220924153110.0
006 a|||||r|||| 00| 0
007 ta
008 220923b |||||||| |||| 00| 0 guj d
024 _a346779
037 _cTextual
040 _aARTS
_cARTS
_bguj
041 _2guj
_aguj
082 _aO156,3N18,28, J5
100 _aPatal engtabhar
_9228113
245 0 _aAdhuri aasha
260 _c1955
650 _aGUJRATI LITERATURE
942 _hO156,3N18,28, J5
_cTEXL
_2CC
999 _c472306
_d472306